000 00528cam a2200181 i 4500
001 17515580
005 20240213053708.0
008 120831s2012 ii b 001 0 eng
020 _a9788173049729
040 _aDLC
_beng
_cDLC
_erda
_dDLC
082 _222
_a306.
_bTRI.
100 1 _aSingh, K. S.,
245 1 0 _aTribal movements in India :
_bvisions of Dr. K.S. Singh /
_cedited by Kamal K. Misra, G. Jayaprakasan.
260 _aNew Delhi :
_bManohar publication,
_c1982
300 _axvi, 414.
650 0 _aEthnicity
942 _cL
999 _c380
_d380